=LDR 00000nam 2200000 4500 =001 INLIS000000000062797 =005 20240522082754 =035 ##$$a 0010-0923000054 =007 ta =008 230913###########################0#ind## =100 #$$a Fara Divanti =245 1#$$a Ayah Malaikat yang Terlupakan /$c Fara Divanti =300 ##$$a 160 halaman : $b ilustrasi ; $c 19 cm =020 ##$$a 978-602-398-030-7 =041 ##$$a ind =082 ##$$a 899.221 3 =084 ##$$a 889.221 Far a =264 ##$$a Jakarta :$b Euthenia,$c 2017 =336 ##$$a teks$2 rdacontent =337 ##$$a tanpa perantara$2 rdamedia =338 ##$$a volume$2 rdacarrier =650 #4$$a Fiksi Indonesia =990 ##$$a 5202300994